| 000 | 00442nam a2200193Ia 4500 | ||
|---|---|---|---|
| 005 | 20240823035420.0 | ||
| 008 | 240823s9999||||xx |||||||||||||| ||und|| | ||
| 020 | _a978-0-241-95648-9 | ||
| 041 | _aENGLISH | ||
| 082 | _A813.6 Q1 | ||
| 100 | _aJulie Otsuka | ||
| 245 | 4 | _aThe Buddha in the Attic | |
| 250 | _a1st | ||
| 260 |
_c2011 _b"Penguin Books,En" |
||
| 500 | _aYES | ||
| 650 |
_aNovel _bEnglish |
||
| 942 | _cBK | ||
| 999 |
_c200633 _d200633 |
||